[Event "Titled Tue 20th May Early"]
[Site "chess.com INT"]
[Date "2025.05.20"]
[Round "3"]
[White "Arencibia Monduy, Antonio"]
[Black "Kovalchuk, Alexey"]
[Result "1-0"]
[WhiteTitle "CM"]
[BlackTitle "FM"]
[WhiteElo "2115"]
[BlackElo "2304"]
[WhiteFideId "3507939"]
[BlackFideId "24154385"]
[EventDate "2025.05.20"]

1. e4 c6 2. Bc4 d5 3. exd5 cxd5 4. Bb3 Nf6 5. d4 Nc6 6. Nf3 Bg4 7. c3 e6 8. O-O
Bd6 9. h3 Bh5 10. Re1 O-O 11. Nbd2 b5 12. Nf1 a5 13. a4 b4 14. Ng3 Bg6 15. Bc2
Bxc2 16. Qxc2 bxc3 17. bxc3 Bxg3 18. fxg3 Ne4 19. Bf4 Rc8 20. Qd3 Ne7 21. Rac1
Nf5 22. c4 Nexg3 23. c5 Ne4 24. Rb1 Qf6 25. Be5 Qg6 26. Bh2 f6 27. Rb6 Rfe8 28.
Ra6 Kh8 29. Rxa5 h6 30. Ra7 e5 31. dxe5 Nxc5 32. Qxd5 Red8 33. Qf7 Qxf7 34. Rxf7
Nd3 35. Rd1 Kg8 36. Rb7 Ne3 37. Ra1 Rc2 38. Kh1 Rxg2 39. Bg1 Nf2+ 40. Bxf2 Rxf2
41. Nh4 fxe5 42. a5 Kh7 43. a6 Rd4 44. Rg1 Rxh4 45. Rbxg7+ Kh8 46. Rg8+ Kh7 47.
R1g7# 1-0

[Event "Titled Tue 20th May Early"]
[Site "chess.com INT"]
[Date "2025.05.20"]
[Round "3"]
[White "Pham, Le Thao Nguyen"]
[Black "Shevkunov, Vladyslav"]
[Result "1/2-1/2"]
[WhiteTitle "IM"]
[WhiteElo "2388"]
[BlackElo "2073"]
[WhiteFideId "12401226"]
[BlackFideId "30953448"]
[EventDate "2025.05.20"]

1. d4 d5 2. c4 e6 3. Nc3 Nf6 4. Bg5 dxc4 5. e3 c5 6. dxc5 Qxd1+ 7. Rxd1 Bxc5 8.
Bxc4 O-O 9. Bxf6 gxf6 10. Nf3 Nc6 11. O-O a6 12. a4 f5 13. e4 fxe4 14. Nxe4 Be7
15. h3 e5 16. Nd6 Na5 17. Ba2 Bf6 18. Rfe1 Nc6 19. Bd5 Be6 20. Bxe6 fxe6 21.
Nxb7 Rab8 22. Nc5 Rxb2 23. Nxa6 Nd4 24. Nxe5 Ne2+ 25. Rxe2 Rxe2 26. Nd7 Rf7 27.
Nac5 Bh4 28. g3 Rfxf2 29. gxh4 Rg2+ 30. Kf1 Rgf2+ 31. Kg1 Rg2+ 32. Kf1 Rgf2+ 33.
Kg1 1/2-1/2

[Event "Titled Tue 20th May Early"]
[Site "chess.com INT"]
[Date "2025.05.20"]
[Round "3"]
[White "Mammadov, Sadig"]
[Black "Toktomushev, Teimur"]
[Result "0-1"]
[WhiteTitle "IM"]
[BlackTitle "FM"]
[WhiteElo "2395"]
[BlackElo "2398"]
[WhiteFideId "13408712"]
[BlackFideId "14176726"]
[EventDate "2025.05.20"]

1. d4 d5 2. c4 e6 3. Nc3 Nf6 4. cxd5 exd5 5. Bg5 c6 6. e3 Be7 7. Bd3 Nbd7 8. Qc2
O-O 9. Nge2 Re8 10. O-O Nf8 11. Rae1 h6 12. Bh4 Ne6 13. f3 b5 14. a3 a6 15. Bf2
c5 16. Bf5 g6 17. Bxe6 Bxe6 18. e4 dxe4 19. fxe4 Bc4 20. dxc5 Ng4 21. Bd4 Qc7
22. g3 Bxc5 23. Nd5 Bxd5 24. Qxc5 Qxc5 25. Bxc5 Bxe4 26. Rf4 f5 27. Nc3 g5 28.
Rxg4 fxg4 29. Rxe4 Rxe4 30. Nxe4 Kf7 31. Kf2 Ke6 32. Ke3 Kd5 33. b4 Re8 34. Kd3
Rxe4 35. Bf8 Re6 36. Bg7 Rg6 37. Bf8 Rf6 38. Bg7 Rf3+ 39. Kc2 Rxa3 40. Bxh6 Ra2+
41. Kd3 Rxh2 42. Bxg5 Rf2 43. Ke3 Rf3+ 44. Ke2 Kc4 45. Bf4 Kxb4 46. Kd2 Kc4 47.
Ke2 a5 0-1

[Event "Titled Tue 20th May Early"]
[Site "chess.com INT"]
[Date "2025.05.20"]
[Round "3"]
[White "Matyakubov, Miraziz"]
[Black "Andreikin, Dmitry"]
[Result "0-1"]
[WhiteTitle "CM"]
[BlackTitle "GM"]
[WhiteElo "2272"]
[BlackElo "2695"]
[WhiteFideId "14215772"]
[BlackFideId "4158814"]
[EventDate "2025.05.20"]

1. d4 Nf6 2. c4 g6 3. Nc3 Bg7 4. e4 O-O 5. f3 Nc6 6. Nge2 e5 7. d5 Nd4 8. Be3
Nxe2 9. Bxe2 d6 10. Qd2 Nh5 11. O-O-O a6 12. Kb1 Bd7 13. c5 Nf4 14. Bc4 b5 15.
Bb3 b4 16. Na4 a5 17. g3 Nh3 18. cxd6 cxd6 19. Rc1 f5 20. Nb6 f4 21. gxf4 exf4
22. Bd4 Ng5 23. Rhf1 Bb5 24. Rf2 Rb8 25. Bxg7 Kxg7 26. Qd4+ Qf6 27. Rc7+ Kh6 28.
Qxf6 Rxf6 29. Nd7 Rf7 30. Nxb8 Rxc7 31. e5 dxe5 32. d6 Bd3+ 33. Bc2 Rxc2 34.
Rxc2 e4 35. d7 Nf7 36. Nc6 exf3 37. Ne5 f2 38. Ng4+ Kg5 39. Nxf2 Bxc2+ 40. Kxc2
Kf5 41. Nh3 g5 42. Kd3 h6 43. Kd4 Ke6 0-1

[Event "Titled Tue 20th May Early"]
[Site "chess.com INT"]
[Date "2025.05.20"]
[Round "3"]
[White "Zepeda Berlanga, Jan Enrique"]
[Black "Marchesich, Giovanni"]
[Result "0-1"]
[WhiteTitle "CM"]
[BlackTitle "CM"]
[WhiteElo "1941"]
[BlackElo "2219"]
[WhiteFideId "5132355"]
[BlackFideId "2824790"]
[EventDate "2025.05.20"]

1. e4 d5 2. exd5 Qxd5 3. h3 e5 4. Nc3 Qd8 5. Nf3 Nc6 6. Bb5 Bd6 7. d4 exd4 8.
Nxd4 Bd7 9. Bxc6 bxc6 10. O-O Ne7 11. Re1 O-O 12. Bg5 h6 13. Bh4 Rb8 14. Qf3 c5
15. Bxe7 Bxe7 16. Nf5 Bf6 17. Rad1 Re8 18. Rxe8+ Qxe8 19. Nd5 Bxb2 20. Nxc7 Bc6
21. Qg3 Qe2 22. Rb1 g6 23. Nxh6+ Kg7 24. Ng4 Qxc2 25. Re1 Rd8 26. Ne8+ Rxe8 0-1

[Event "Titled Tue 20th May Early"]
[Site "chess.com INT"]
[Date "2025.05.20"]
[Round "3"]
[White "Pakleza, Zbigniew"]
[Black "Grutter, Tim"]
[Result "1-0"]
[WhiteTitle "GM"]
[BlackTitle "IM"]
[WhiteElo "2484"]
[BlackElo "2408"]
[WhiteFideId "1119290"]
[BlackFideId "1057472"]
[EventDate "2025.05.20"]

1. d4 Nf6 2. Nf3 e6 3. Bf4 c5 4. c3 Nc6 5. e3 b6 6. Nbd2 Bb7 7. Nc4 d5 8. Nce5
Nxe5 9. Nxe5 a6 10. Qa4+ Ke7 11. Nc6+ Bxc6 12. Qxc6 Ra7 13. dxc5 Nd7 14. b4 bxc5
15. Bxa6 Qb6 16. Bb5 Qxc6 17. Bxc6 Kd8 18. b5 Nb6 19. O-O f6 20. Bg3 e5 21. Rfd1
Kc7 22. Bxd5 Bd6 23. Bc6 Ra3 24. f4 Rxc3 25. fxe5 Bxe5 26. Bxe5+ fxe5 27. a4 Rd8
28. a5 Rxd1+ 29. Rxd1 Nc4 30. Rd7+ Kc8 31. a6 Rc1+ 32. Kf2 Ra1 33. Rxg7 1-0

[Event "Titled Tue 20th May Early"]
[Site "chess.com INT"]
[Date "2025.05.20"]
[Round "3"]
[White "Sahbudak, Baris Cinar"]
[Black "Leon Acevedo, Juan Alejandro"]
[Result "1-0"]
[WhiteTitle "CM"]
[BlackTitle "CM"]
[WhiteElo "2072"]
[BlackElo "2040"]
[WhiteFideId "26351633"]
[BlackFideId "4459261"]
[EventDate "2025.05.20"]

1. e4 c5 2. Nc3 Nc6 3. f4 g6 4. Nf3 Bg7 5. Bb5 Nd4 6. Nxd4 cxd4 7. Ne2 Qb6 8.
Bd3 e6 9. O-O Ne7 10. Kh1 d6 11. c3 Nc6 12. Bc2 O-O 13. d3 Bd7 14. c4 Rac8 15.
Rb1 Ne7 16. b4 Qc7 17. Bb3 e5 18. a4 Kh8 19. a5 f5 20. Ng3 fxe4 21. Nxe4 Nf5 22.
fxe5 Bxe5 23. Bg5 d5 24. cxd5 Bxh2 25. d6 Bxd6 26. Qd2 Be5 27. Rbc1 Qb8 28. Rc5
Bc6 29. Rf3 Bxe4 30. dxe4 Ng3+ 31. Kg1 Nxe4 32. Qe2 Nxc5 33. Rxf8+ Rxf8 34. bxc5
Bf4 35. Be7 Bh2+ 36. Kh1 Qe5 37. Qxe5+ 1-0

[Event "Titled Tue 20th May Early"]
[Site "chess.com INT"]
[Date "2025.05.20"]
[Round "3"]
[White "Suleymanli, Suleyman"]
[Black "Nihal, Sarin"]
[Result "0-1"]
[WhiteTitle "FM"]
[BlackTitle "GM"]
[WhiteElo "2322"]
[BlackElo "2693"]
[WhiteFideId "13416375"]
[BlackFideId "25092340"]
[EventDate "2025.05.20"]

1. Nf3 h6 2. d4 Nf6 3. g3 b5 4. Bg2 Bb7 5. O-O g5 6. Qd3 a6 7. Nbd2 g4 8. Ne5
Bxg2 9. Kxg2 d6 10. Nxg4 Nxg4 11. Qe4 Nxh2 12. Qxa8 Nxf1 13. Nxf1 Bg7 14. c3 c6
15. a4 O-O 16. axb5 cxb5 17. Ne3 Qd7 18. Qf3 f5 19. Bd2 Kh7 20. Rh1 e5 21. Rh5
Kg6 22. Rh1 Kh7 23. Nd5 Qf7 24. e4 exd4 25. cxd4 Nc6 26. Qf4 Qe6 27. Be3 fxe4
28. Qh4 Qxd5 29. Bxh6 e3+ 30. Kf1 Qc4+ 31. Kg2 Rxf2+ 0-1

[Event "Titled Tue 20th May Early"]
[Site "chess.com INT"]
[Date "2025.05.20"]
[Round "3"]
[White "Shubenkova, Veronika"]
[Black "Blackburn, Jonathan L B"]
[Result "1-0"]
[WhiteTitle "WFM"]
[BlackTitle "FM"]
[WhiteElo "2024"]
[BlackElo "2200"]
[WhiteFideId "44124040"]
[BlackFideId "1801090"]
[EventDate "2025.05.20"]

1. e4 e6 2. d4 d5 3. exd5 exd5 4. Nf3 Nc6 5. c3 Bf5 6. Bd3 Bxd3 7. Qxd3 Bd6 8.
O-O Nge7 9. Re1 f6 10. a3 Qd7 11. b4 a6 12. Nbd2 O-O 13. Bb2 Qf5 14. Qf1 Ng6 15.
c4 Rfe8 16. cxd5 Nce7 17. Qc4 Nf4 18. Re4 Qg6 19. Rxf4 b5 20. Qb3 Bxf4 21. d6+
Kh8 22. dxe7 Rxe7 23. Nf1 Rae8 24. Bc1 Bd6 25. Be3 Qf5 26. Ng3 Qd7 27. Qd3 g6
28. d5 Kg7 29. Rd1 h5 30. Qc2 Qg4 31. Rd4 Qd7 32. Nh4 f5 33. Ngxf5+ gxf5 34.
Nxf5+ Kh8 35. Nxe7 Qxe7 36. Qg6 Qe5 37. g3 Rg8 38. Qh6# 1-0

[Event "Titled Tue 20th May Early"]
[Site "chess.com INT"]
[Date "2025.05.20"]
[Round "3"]
[White "Rahman, Masruri"]
[Black "Momunaliev, Ruslan"]
[Result "1-0"]
[WhiteTitle "FM"]
[BlackTitle "CM"]
[WhiteElo "2407"]
[BlackElo "2213"]
[WhiteFideId "7101163"]
[BlackFideId "13812211"]
[EventDate "2025.05.20"]

1. d4 d5 2. Bf4 c5 3. e3 Nc6 4. Nf3 Nf6 5. Bb5 Bd7 6. O-O e6 7. Nbd2 Qb6 8. c4
a6 9. Bxc6 Bxc6 10. Rc1 Rd8 11. Bg5 Be7 12. dxc5 Qxc5 13. Nd4 O-O 14. cxd5 Qxd5
15. Nxc6 bxc6 16. Nf3 Qxa2 17. Qc2 Nd5 18. Bxe7 Nxe7 19. Ng5 g6 20. Ne4 f5 21.
Nc5 Rb8 22. Nd7 Rxb2 23. Qc5 Rf7 24. Ne5 Rg7 25. Qd6 Qd5 26. Qc7 h6 27. Nd7 Kf7
28. Rcd1 Rd2 29. Rxd2 Qxd2 30. Qd8 Rg8 31. Ne5+ 1-0

[Event "Titled Tue 20th May Early"]
[Site "chess.com INT"]
[Date "2025.05.20"]
[Round "3"]
[White "Do Carmo, Gabriel Carckeno"]
[Black "Saiz Rodriguez, Daniel Evelio"]
[Result "1-0"]
[BlackTitle "FM"]
[WhiteElo "2021"]
[BlackElo "2187"]
[WhiteFideId "22783024"]
[BlackFideId "3523420"]
[EventDate "2025.05.20"]

1. c4 c5 2. Nc3 Nc6 3. g3 g6 4. Bg2 Bg7 5. e4 e6 6. Nge2 Nge7 7. O-O O-O 8. d3
d6 9. Be3 Nd4 10. Rb1 b6 11. a3 Bb7 12. b4 Qd7 13. Qd2 f5 14. a4 Kh8 15. f4 Nec6
16. b5 Nxe2+ 17. Nxe2 Nd4 18. Nxd4 cxd4 19. Bf2 e5 20. Kh1 fxe4 21. dxe4 Rac8
22. Rbc1 Bh6 23. a5 Rc5 24. a6 Ba8 25. Qd3 Rfc8 26. Rc2 Qf7 27. Rfc1 Kg8 28. Bg1
exf4 29. Bxd4 Rh5 30. Rf1 1-0

[Event "Titled Tue 20th May Early"]
[Site "chess.com INT"]
[Date "2025.05.20"]
[Round "3"]
[White "Viskelis, Darius"]
[Black "Hambardzumian, Yuri"]
[Result "1/2-1/2"]
[WhiteTitle "FM"]
[BlackTitle "IM"]
[WhiteElo "2165"]
[BlackElo "2301"]
[WhiteFideId "12800830"]
[BlackFideId "13302795"]
[EventDate "2025.05.20"]

1. e4 e6 2. d4 d5 3. e5 c5 4. c3 Nc6 5. Nf3 Nh6 6. Bd3 Nf5 7. Bxf5 exf5 8. dxc5
Bxc5 9. O-O O-O 10. Nbd2 Be6 11. Nb3 Bb6 12. Nbd4 Re8 13. Qd3 Bxd4 14. cxd4 Rc8
15. Bd2 Qb6 16. Bc3 Nb4 17. Qd2 Nc6 18. h4 a6 19. h5 h6 20. Qf4 Qd8 21. Rfe1 b5
22. Rac1 Na5 23. Bxa5 Qxa5 24. a3 b4 25. Qd2 Rb8 26. Rc5 Qa4 27. Rec1 bxa3 28.
Ra5 Qb3 29. bxa3 Rec8 30. Rxa6 Rxc1+ 31. Qxc1 Rc8 32. Rc6 Rxc6 33. Qxc6 Qxa3 34.
Qc2 Qa1+ 35. Kh2 Qf1 36. Qd2 Qc4 37. Qf4 Qd3 38. Nh4 Qc2 39. g3 Qd3 40. Kg2 Qc2
41. Kh2 Qd3 42. Kg2 Qc2 43. Kh2 1/2-1/2

[Event "Titled Tue 20th May Early"]
[Site "chess.com INT"]
[Date "2025.05.20"]
[Round "3"]
[White "Shishkov, Andrei"]
[Black "Barseghyan, Armen Ar."]
[Result "0-1"]
[WhiteTitle "IM"]
[BlackTitle "IM"]
[WhiteElo "2343"]
[BlackElo "2348"]
[WhiteFideId "4500563"]
[BlackFideId "13306707"]
[EventDate "2025.05.20"]

1. d4 Nf6 2. c4 e6 3. Nc3 d5 4. cxd5 exd5 5. Bg5 Be7 6. e3 O-O 7. Bd3 Re8 8.
Nge2 c6 9. O-O Ne4 10. Bxe7 Qxe7 11. Bxe4 dxe4 12. d5 cxd5 13. Qxd5 Nc6 14. Ng3
Qb4 15. Ncxe4 Be6 16. Qg5 h6 17. Qf4 Qxb2 18. Rab1 Qxa2 19. Rxb7 Rab8 20. Rc7
Qd5 21. Nd6 Rf8 22. e4 Qc5 23. Ngf5 Bxf5 24. Nxf5 Qe5 25. Qg4 Nd4 26. Re7 Qf6
27. Nxd4 Qxd4 28. e5 Qxg4 0-1

[Event "Titled Tue 20th May Early"]
[Site "chess.com INT"]
[Date "2025.05.20"]
[Round "3"]
[White "Vafin, Ayrat"]
[Black "Ernst, Robert"]
[Result "0-1"]
[WhiteTitle "FM"]
[BlackTitle "FM"]
[WhiteElo "2302"]
[BlackElo "2340"]
[WhiteFideId "4146530"]
[BlackFideId "1662643"]
[EventDate "2025.05.20"]

1. Nf3 Nf6 2. g3 g6 3. Bg2 Bg7 4. O-O O-O 5. c4 c5 6. Nc3 Nc6 7. d4 cxd4 8. Nxd4
Nxd4 9. Qxd4 d6 10. Qd3 Bf5 11. e4 Be6 12. b3 Bd7 13. h3 Qc8 14. Kh2 Bc6 15. Be3
Nd7 16. Rac1 Nc5 17. Qe2 a5 18. Nd5 Bxd5 19. cxd5 b6 20. f4 Qd7 21. Bxc5 bxc5
22. e5 a4 23. e6 Qb7 24. exf7+ Rxf7 25. Rb1 axb3 26. axb3 Qb4 27. h4 Kh8 28. h5
gxh5 29. Qxh5 Rf6 30. Qe2 Rh6+ 31. Bh3 Ra3 32. Kg2 Rxb3 33. Rxb3 Qxb3 34. Qe6
Rxe6 35. Bxe6 c4 36. Rh1 c3 0-1

[Event "Titled Tue 20th May Early"]
[Site "chess.com INT"]
[Date "2025.05.20"]
[Round "3"]
[White "Onyshchuk, Volodymyr"]
[Black "Cunha, Lucas Aguiar"]
[Result "1-0"]
[WhiteTitle "GM"]
[BlackTitle "FM"]
[WhiteElo "2602"]
[BlackElo "2254"]
[WhiteFideId "14114038"]
[BlackFideId "2125404"]
[EventDate "2025.05.20"]

1. e4 c5 2. Nf3 Nc6 3. Nc3 Nf6 4. e5 Ng4 5. Qe2 Qc7 6. Nb5 Qb8 7. d4 cxd4 8. Bf4
f6 9. Nbxd4 Nxd4 10. Nxd4 Nxe5 11. O-O-O a6 12. Kb1 e6 13. g4 Bd6 14. g5 fxg5
15. Bxg5 O-O 16. Bg2 Nc6 17. Nxc6 bxc6 18. Be4 Be5 19. Bc1 d5 20. Bd3 Ra7 21.
Rde1 Bc3 22. Reg1 Rb7 23. b3 Qe5 24. Qxe5 Bxe5 25. Bxa6 Rbf7 26. Bxc8 Rxc8 27.
Re1 Rf5 28. f4 Bxf4 29. Bxf4 Rxf4 30. Rxe6 Kf7 31. Re2 g5 32. a4 h5 33. Kb2 c5
34. Re5 Kf6 35. Rxd5 c4 36. Rhd1 cxb3 37. cxb3 Rb8 38. Rd6+ Kf5 39. R1d5+ Kg4
40. Rg6 Rf5 41. Rxf5 Kxf5 42. Rh6 h4 43. a5 Kg4 44. a6 Kh3 45. a7 Ra8 46. Rh7
Kxh2 47. b4 g4 48. Rxh4+ Kg3 49. Rh7 Kf4 50. b5 g3 51. b6 Rg8 52. b7 1-0

[Event "Titled Tue 20th May Early"]
[Site "chess.com INT"]
[Date "2025.05.20"]
[Round "3"]
[White "Rose, Felix"]
[Black "Chogdov, Munkhbat"]
[Result "0-1"]
[WhiteTitle "CM"]
[BlackTitle "FM"]
[WhiteElo "2093"]
[BlackElo "2238"]
[WhiteFideId "5105722"]
[BlackFideId "13200860"]
[EventDate "2025.05.20"]

1. e4 e5 2. Nf3 Nc6 3. Bb5 Bc5 4. c3 Qf6 5. O-O Nge7 6. Re1 h6 7. d4 exd4 8. e5
Qg6 9. cxd4 Bb6 10. Nc3 O-O 11. d5 Nd8 12. Bd3 Qh5 13. Re4 Ng6 14. Be2 Ne7 15.
Nh4 Qg6 16. Nxg6 Nxg6 17. a4 a6 18. a5 Ba7 19. Be3 Bxe3 20. Rxe3 d6 21. exd6
cxd6 22. Ne4 Bd7 23. Nxd6 f6 24. Rg3 Ne5 25. f4 Nef7 26. Ne4 Bf5 27. Nxf6+ Kh8
28. Nh5 Rg8 29. Bd3 Nd6 30. Qc2 Bxd3 31. Qxd3 N8f7 32. Qg6 Rae8 33. Rf1 Re7 34.
f5 Ne4 35. Re3 Ne5 0-1

[Event "Titled Tue 20th May Early"]
[Site "chess.com INT"]
[Date "2025.05.20"]
[Round "3"]
[White "Mattenberger, Matthias"]
[Black "Gabrielian, Artur"]
[Result "0-1"]
[WhiteTitle "FM"]
[BlackTitle "GM"]
[WhiteElo "2286"]
[BlackElo "2419"]
[WhiteFideId "1339958"]
[BlackFideId "4131002"]
[EventDate "2025.05.20"]

1. d4 Nf6 2. c4 e6 3. Nc3 Bb4 4. e3 O-O 5. Bd2 d5 6. Nf3 b6 7. cxd5 exd5 8. Rc1
c5 9. dxc5 bxc5 10. a3 Ba5 11. Bd3 d4 12. exd4 Bxc3 13. Bxc3 Re8+ 14. Kf1 cxd4
15. Nxd4 Bg4 16. Be2 Bxe2+ 17. Nxe2 Qe7 18. Nd4 Nbd7 19. h4 Ne5 20. Rh3 Neg4 21.
Qf3 Rac8 22. Nf5 Qe6 23. Re1 Qa6+ 24. Kg1 Rxe1+ 25. Bxe1 Re8 26. Bc3 Qe6 27. Ne3
h5 28. Rg3 Ne4 29. Nf5 Nxc3 0-1

[Event "Titled Tue 20th May Early"]
[Site "chess.com INT"]
[Date "2025.05.20"]
[Round "3"]
[White "Khamdamova, Afruza"]
[Black "Ilinca, Felix-Antonio"]
[Result "1/2-1/2"]
[WhiteTitle "WIM"]
[BlackTitle "IM"]
[WhiteElo "2344"]
[BlackElo "2420"]
[WhiteFideId "14210444"]
[BlackFideId "54764998"]
[EventDate "2025.05.20"]

1. e4 c6 2. d4 d5 3. Nc3 dxe4 4. Nxe4 Nf6 5. Qd3 g6 6. Nxf6+ exf6 7. Nf3 Bg7 8.
Be2 O-O 9. O-O a5 10. a4 Na6 11. c3 Nc7 12. c4 Re8 13. Be3 Na6 14. Qb3 Nb4 15.
Rad1 Bf5 16. Rd2 Qd6 17. Rfd1 Be4 18. d5 c5 19. g3 Bxf3 20. Bxf3 f5 21. Re2 b6
22. Rde1 Be5 23. Bf4 f6 24. Bg2 Kf7 25. Be3 h5 26. Qd1 Qd7 27. f4 Bd6 28. b3 Re7
29. Bc1 Rae8 30. Bb2 Rxe2 31. Rxe2 Rxe2 32. Qxe2 Qe7 33. Bf3 Qxe2 34. Bxe2 Na6
35. Kf2 Nb8 36. Kf3 Nd7 37. Bd3 Nf8 38. h3 Nd7 39. Bc3 Nb8 40. Bc2 Na6 41. Bb1
Nc7 42. Bd3 Ne8 43. Bb1 Bf8 44. Bc2 Nd6 45. Bb1 Be7 46. Bc2 1/2-1/2

[Event "Titled Tue 20th May Early"]
[Site "chess.com INT"]
[Date "2025.05.20"]
[Round "3"]
[White "Iljin, Timofey"]
[Black "Yanev, Tihomir"]
[Result "1-0"]
[WhiteTitle "IM"]
[BlackTitle "IM"]
[WhiteElo "2242"]
[BlackElo "2354"]
[WhiteFideId "14110180"]
[BlackFideId "2910110"]
[EventDate "2025.05.20"]

1. e4 c5 2. Nc3 a6 3. g3 b5 4. Bg2 Bb7 5. d3 e6 6. Nh3 g6 7. O-O Bg7 8. f4 Ne7
9. f5 gxf5 10. Bg5 h6 11. Bh4 b4 12. Ne2 fxe4 13. dxe4 Nbc6 14. Nef4 Qb6 15. Nh5
Bd4+ 16. Kh1 O-O-O 17. c3 Be5 18. cxb4 cxb4 19. Rxf7 Rhe8 20. Rc1 Kb8 21. Nf6
Bxf6 22. Bxf6 d5 23. exd5 exd5 24. Nf4 Rd6 25. Qe1 Qd8 26. Ne6 Qd7 27. Nc5 Qf5
28. Nxb7 Rxf6 29. Nd6 1-0

[Event "Titled Tue 20th May Early"]
[Site "chess.com INT"]
[Date "2025.05.20"]
[Round "3"]
[White "Bukreev, Stanislav"]
[Black "Devaev, Alexander"]
[Result "1-0"]
[WhiteTitle "FM"]
[BlackTitle "FM"]
[WhiteElo "2328"]
[BlackElo "2306"]
[WhiteFideId "34252347"]
[BlackFideId "4169395"]
[EventDate "2025.05.20"]

1. d4 Nf6 2. c4 e6 3. Nf3 c5 4. d5 d6 5. Nc3 a6 6. e4 exd5 7. exd5 Bg4 8. h3 Bh5
9. Bd3 Be7 10. O-O O-O 11. Bf4 Nbd7 12. Re1 Re8 13. g4 Bg6 14. Qc2 Rb8 15. a4
Bf8 16. Kg2 Qb6 17. a5 Qc7 18. b3 Rxe1 19. Nxe1 Re8 20. Bxg6 hxg6 21. Nd3 Qd8
22. Qd2 Ne4 23. Nxe4 Rxe4 24. f3 Re8 25. Re1 Rxe1 26. Qxe1 Be7 27. b4 cxb4 28.
Qxb4 Qc7 29. Be3 Bd8 30. Bf4 Be7 31. Nc1 g5 32. Bg3 b6 33. Nb3 bxa5 34. Nxa5 Nc5
35. Nc6 Nd3 36. Qa3 Ne1+ 37. Bxe1 Qb6 38. Nxe7+ 1-0

[Event "Titled Tue 20th May Early"]
[Site "chess.com INT"]
[Date "2025.05.20"]
[Round "3"]
[White "Yushko, Olga"]
[Black "Carnicelli, Valerio"]
[Result "0-1"]
[WhiteTitle "WFM"]
[BlackTitle "FM"]
[WhiteElo "2036"]
[BlackElo "2396"]
[WhiteFideId "14114500"]
[BlackFideId "856185"]
[EventDate "2025.05.20"]

1. d4 Nf6 2. c4 e6 3. Nc3 Bb4 4. f3 c5 5. e3 cxd4 6. exd4 d5 7. a3 Be7 8. Be3
O-O 9. Nh3 Nc6 10. Be2 dxc4 11. Bxc4 e5 12. dxe5 Nxe5 13. Be2 Bxh3 14. Qxd8
Rfxd8 15. gxh3 a6 16. Kf2 Nd3+ 17. Bxd3 Rxd3 18. Rhd1 Rad8 19. Rxd3 Rxd3 20. Ke2
Rd7 21. Rc1 h5 22. Na4 b5 23. Nb6 Rb7 24. Rc8+ Kh7 25. Ra8 Bd6 26. Rxa6 Bxh2 27.
Nc8 Nd5 28. Bd4 Rc7 29. Nd6 Nf4+ 30. Kd2 Ne6 31. Bc3 Rd7 32. Bb4 Ng5 33. Ke2
Bxd6 34. Bxd6 Nxh3 35. f4 g5 36. fxg5 Nxg5 37. Rb6 Ne6 38. Be5 Rd5 39. Bg3 Kg6
40. b3 Kf5 41. a4 bxa4 42. bxa4 Kg4 43. Bh2 h4 44. Rb7 f5 45. Rh7 Ng5 46. Bc7
Nxh7 47. a5 Rd7 48. Bb6 Rd6 49. Bc7 Rc6 50. Bb8 Ra6 51. Bc7 Nf6 52. Kf2 Nd5 53.
Bd8 Ra8 0-1

[Event "Titled Tue 20th May Early"]
[Site "chess.com INT"]
[Date "2025.05.20"]
[Round "3"]
[White "Buraczewski, Rafal"]
[Black "Guliev, Gasan"]
[Result "0-1"]
[WhiteTitle "CM"]
[BlackTitle "CM"]
[WhiteElo "2135"]
[BlackElo "2123"]
[WhiteFideId "1155245"]
[BlackFideId "34165638"]
[EventDate "2025.05.20"]

1. g3 Nf6 2. Bg2 e6 3. d3 h5 4. h4 c5 5. Nh3 Nc6 6. c3 d5 7. O-O Be7 8. e4 dxe4
9. dxe4 Qxd1 10. Rxd1 e5 11. Nd2 Bd7 12. Nc4 O-O-O 13. Bg5 Be6 14. Ne3 Ng4 15.
Bxe7 Nxe7 16. Ng5 Nxe3 17. fxe3 Rxd1+ 18. Rxd1 Bxa2 19. Ra1 Bc4 20. Rxa7 Kc7 21.
Bf1 Bxf1 22. Kxf1 f6 23. Ne6+ Kb6 24. Ra1 g6 25. Rd1 Kc6 26. Ke2 Ra8 27. Rd2 f5
28. Nd8+ Kb6 29. Nf7 fxe4 30. Nxe5 Nf5 31. Nxg6 Nxg3+ 32. Kf2 Nf5 33. Nf4 Nxh4
34. Nxh5 Nf3 35. Rc2 Rh8 36. Nf4 Rh2+ 37. Ng2 Rxg2+ 38. Kxg2 Ne1+ 0-1

[Event "Titled Tue 20th May Early"]
[Site "chess.com INT"]
[Date "2025.05.20"]
[Round "3"]
[White "Aradhya, Garg"]
[Black "Pribelszky, Bence"]
[Result "0-1"]
[WhiteTitle "IM"]
[BlackTitle "IM"]
[WhiteElo "2383"]
[BlackElo "2400"]
[WhiteFideId "25006746"]
[BlackFideId "769738"]
[EventDate "2025.05.20"]

1. d4 b6 2. e4 Bb7 3. Bd3 e6 4. Nf3 d6 5. O-O Nd7 6. c4 g6 7. Nc3 Bg7 8. Bg5 Ne7
9. Qd2 h6 10. Bh4 g5 11. Bg3 f5 12. exf5 exf5 13. h3 f4 14. Bh2 Bxf3 15. gxf3
O-O 16. Qe2 Kh8 17. Rfe1 Nf5 18. Qe6 Nxd4 19. Qe4 Nf5 20. Qd5 Ne5 21. Rad1 Nh4
22. Be2 Qd7 23. Kh1 Qxh3 24. Bf1 Qxf3+ 25. Qxf3 Nhxf3 26. Re4 Rf7 27. Bg2 Nh4
28. Rxe5 Nxg2 29. Re6 Nh4 30. Nd5 Bxb2 31. Rxh6+ Kg7 32. Re6 Be5 33. Kg1 Rh8 34.
Kf1 Nf3 35. Bg1 g4 36. Kg2 Ng5 37. Rxe5 dxe5 38. Nb4 f3+ 39. Kg3 Rf4 40. Rd7+
Kg6 0-1

[Event "Titled Tue 20th May Early"]
[Site "chess.com INT"]
[Date "2025.05.20"]
[Round "3"]
[White "Otdelnov, Kirill"]
[Black "Andrade, Ivan"]
[Result "1-0"]
[WhiteTitle "FM"]
[BlackTitle "FM"]
[WhiteElo "2273"]
[BlackElo "2161"]
[WhiteFideId "24280216"]
[BlackFideId "14800039"]
[EventDate "2025.05.20"]

1. Nf3 Nf6 2. e3 b6 3. g3 Bb7 4. Bg2 e6 5. O-O b5 6. b3 Be7 7. Bb2 O-O 8. d4 d6
9. Nbd2 Nbd7 10. Qe2 Ne4 11. Qxb5 Rb8 12. Qa5 Nxd2 13. Qxd2 Nf6 14. c4 Ne4 15.
Qc2 f5 16. Rad1 Bf6 17. Ba3 Rf7 18. d5 e5 19. Ne1 Nc5 20. Bxc5 dxc5 21. Qxf5 Bc8
22. Qc2 g6 23. e4 Bg7 24. Nd3 Qf8 25. Kh1 Bg4 26. Rde1 Bf3 27. Re3 Bxg2+ 28.
Kxg2 Rb6 29. f4 exf4 30. gxf4 Bd4 31. Rg3 Kh8 32. e5 Rf5 33. Qe2 Qh6 34. Rff3
Rb8 35. e6 Re8 36. Ne5 Bxe5 37. fxe5 Rxf3 38. Qxf3 Rf8 39. Qe3 Qh4 40. e7 Qxe7
41. e6 Qf6 42. Rf3 Qb2+ 43. Kg3 Rxf3+ 44. Qxf3 Qe5+ 45. Kh3 Kg7 46. Kg2 h5 47.
h3 Kh6 48. Kf2 Qb2+ 49. Qe2 Qf6+ 50. Kg2 Qg5+ 51. Kh1 Qh4 52. Qe3+ Kh7 53. e7 1-0